الحياة في أعماق البحار / (رقم التسجيلة. 101324)
[ عرض عادي ]
| 000 -LEADER | |
|---|---|
| fixed length control field | 00691nam a22002057a 4500 |
| 005 - DATE AND TIME OF LATEST TRANSACTION | |
| control field | 20251108173327.0 |
| 008 - FIXED-LENGTH DATA ELEMENTS--GENERAL INFORMATION | |
| fixed length control field | 250721s9999 xx 000 0 ara d |
| 082 14 - DEWEY DECIMAL CLASSIFICATION NUMBER | |
| Classification number | ط/ 597 /عبد |
| 100 1# - MAIN ENTRY--PERSONAL NAME | |
| Personal name | عبد الكافي، إسماعيل عبد الفتاح |
| 245 10 - TITLE STATEMENT | |
| Title | الحياة في أعماق البحار / |
| 264 1# - PRODUCTION, PUBLICATION, DISTRIBUTION, MANUFACTURE, AND COPYRIGHT NOTICE | |
| Place of production, publication, distribution, manufacture | القاهرة : |
| Name of producer, publisher, distributor, manufacturer | دار المعارف، |
| Date of production, publication, distribution, manufacture, or copyright notice | [19-]. |
| 490 0# - SERIES STATEMENT | |
| Series statement | ماذا تعلم عن |
| Volume/sequential designation | 13 |
| 650 17 - SUBJECT ADDED ENTRY--TOPICAL TERM | |
| Topical term or geographic name as entry element | النباتات المائية |
| 650 17 - SUBJECT ADDED ENTRY--TOPICAL TERM | |
| Topical term or geographic name as entry element | الحيوانات المائية |
| 650 17 - SUBJECT ADDED ENTRY--TOPICAL TERM | |
| Topical term or geographic name as entry element | قاع البحر |
| 653 ## - INDEX TERM--UNCONTROLLED | |
| Uncontrolled term | ناشئون صغار (10-14 سنة) |
| 700 1# - ADDED ENTRY--PERSONAL NAME | |
| Personal name | بدران، منال |
| Relator term | Cart. |
| 942 ## - ADDED ENTRY ELEMENTS (KOHA) | |
| Source of classification or shelving scheme | Dewey Decimal Classification |
| Koha item type | كتب |
| حالة السحب | حالة الفقدان | مصدر التصنيف | حالة التلف | غير قابل للإعارة | المكتبة الرئيسية | المكتبة الحالية | موقع الرف | تاريخ التزويد | الرقم المتسلسل | Total Checkouts | رقم الإستدعاء | الباركود | تاريخ آخر ظهور | تاريخ الفاتورة | نوع المادة (كوها) |
|---|---|---|---|---|---|---|---|---|---|---|---|---|---|---|---|
| Dewey Decimal Classification | مكتبة البشائر للأطفال | مكتبة البشائر للأطفال | الأطفال | 12/09/2015 | 360010 | ط/ 597 /عبد | PLD00346227 | 28/07/2025 | 12/09/2015 | كتب | |||||
| Dewey Decimal Classification | مكتبة أم المؤمنين للأطفال | مكتبة أم المؤمنين للأطفال | الأطفال | 28/07/2025 | 419235 | ط/ 597 /عبد | 419235 | 28/07/2025 | 28/07/2025 | كتب | |||||
| Dewey Decimal Classification | مكتبة أم قصير والمقابلين العامة | مكتبة أم قصير والمقابلين العامة | الأطفال | 24/10/2014 | 360022 | ط/ 597 /عبد | PLD00355006 | 28/07/2025 | 24/10/2014 | كتب | |||||
| Dewey Decimal Classification | مكتبة الاميرة بديعة | مكتبة الاميرة بديعة | الأطفال | 01/07/2015 | 360035. | ط/ 597 /عبد | PLD00335181 | 28/07/2025 | 01/07/2015 | كتب | |||||
| Dewey Decimal Classification | مكتبة البراعم الواعدة | مكتبة البراعم الواعدة | الأطفال | 23/07/2015 | 1603113 | ط/ 597 /عبد | PLD00338432 | 28/07/2025 | 23/07/2015 | كتب | |||||
| Dewey Decimal Classification | مكتبة صويلح العامة | مكتبة صويلح العامة | الأطفال | 16/07/2019 | 360020 | ط/ 597 /عبد | PLD00457699 | 28/07/2025 | 16/07/2019 | كتب | |||||
| Dewey Decimal Classification | مكتبة وادي السير العامة | مكتبة وادي السير العامة | الأطفال | 28/10/2015 | 360012 | ط/ 597 /عبد | PLD00360874 | 28/07/2025 | 28/10/2015 | كتب |